[Event "Titled Tuesday intern op 25th Mar Early"]
[Site "Chess.com INT"]
[Date "2025.03.25"]
[Round "5"]
[White "Alikhanov, Felix"]
[Black "Kjaergaard Jensen, Jesper"]
[Result "1-0"]
[WhiteElo "2434"]
[BlackElo "2081"]
[PlyCount "61"]
[EventDate "2025.03.25"]
[EventType "swiss (blitz)"]
[EventRounds "11"]
[EventCountry "USA"]
[SourceTitle "CB14_2025"]
[SourceDate "2024.11.01"]
[SourceVersion "1"]
[SourceVersionDate "2024.11.01"]
[SourceQuality "1"]

1. e4 Nf6 2. e5 Nd5 3. Nc3 Nxc3 4. dxc3 d5 5. Nf3 Bg4 6. h3 Bxf3 7. Qxf3 e6 8. c4 c6 9. Bd3 dxc4 10. Bxc4 Qa5+ 11. c3 Qxe5+ 12. Be3 Bc5 13. 0-0-0 Bxe3+ 14. fxe3 Nd7 15. Rxd7 Kxd7 16. Qxf7+ Kc8 17. Bxe6+ Kb8 18. Rd1 a5 19. Rd7 Ra7 20. Bg4 Qxe3+ 21. Kc2 Re8 22. Bf3 Qf2+ 23. Rd2 Qe1 24. Qxg7 a4 25. Qxh7 Ra5 26. Qd7 Rb5 27. Qd6+ Ka8 28. Qd4 Ra5 29. a3 Ree5 30. Qb6 Rab5 31. Rd8# 1-0

[Event "Titled Tuesday intern op 25th Mar Early"]
[Site "Chess.com INT"]
[Date "2025.03.25"]
[Round "7"]
[White "Teh, Wee Zhun"]
[Black "Alikhanov, Felix"]
[Result "0-1"]
[WhiteElo "2010"]
[BlackElo "2434"]
[PlyCount "48"]
[EventDate "2025.03.25"]
[EventType "swiss (blitz)"]
[EventRounds "11"]
[EventCountry "USA"]
[SourceTitle "CB14_2025"]
[SourceDate "2024.11.01"]
[SourceVersion "1"]
[SourceVersionDate "2024.11.01"]
[SourceQuality "1"]

1. d4 Nf6 2. c4 g6 3. Nc3 Bg7 4. e4 d6 5. h3 0-0 6. Be3 e5 7. d5 a5 8. g4 Na6 9. Nge2 Nc5 10. Ng3 a4 11. Be2 Nfd7 12. h4 Nb6 13. h5 c6 14. Rc1 cxd5 15. cxd5 Bd7 16. f3 Bf6 17. Qd2 Bh4 18. Kf2 f5 19. gxf5 gxf5 20. exf5 Bxf5 21. Kg2 Kh8 22. Nxf5 Rxf5 23. Ne4 Nxe4 24. fxe4 Qg8+ 0-1

[Event "Titled Tuesday intern op 11th Feb Early"]
[Site "Chess.com INT"]
[Date "2025.02.11"]
[Round "3"]
[White "Alikhanov, Felix"]
[Black "Grover, Sahaj"]
[Result "0-1"]
[WhiteElo "2434"]
[BlackElo "2468"]
[PlyCount "88"]
[EventDate "2025.02.11"]
[EventType "swiss (blitz)"]
[EventRounds "11"]
[EventCountry "USA"]
[SourceTitle "CB09_2025"]
[SourceDate "2025.02.27"]
[SourceVersion "1"]
[SourceVersionDate "2025.02.27"]
[SourceQuality "1"]

1. e4 c5 2. d4 cxd4 3. c3 dxc3 4. Nxc3 e6 5. Nf3 Bb4 6. Bc4 Nc6 7. 0-0 Nge7 8. Qe2 0-0 9. Rd1 a6 10. Bg5 b5 11. Bb3 Na5 12. Nd4 Nxb3 13. axb3 Bb7 14. h4 h6 15. Bd2 Nc6 16. Nxc6 Bxc6 17. Qg4 Qf6 18. e5 Qg6 19. Qxg6 fxg6 20. Ne2 Bc5 21. Be1 Rf5 22. Nd4 Bxd4 23. Rxd4 Rxe5 24. Bc3 Re2 25. Rad1 a5 26. Rxd7 Bxd7 27. Rxd7 e5 28. f4 Rf8 29. Bxe5 Rf7 30. Rd5 b4 31. Rxa5 Rd7 32. Kh2 Rdd2 33. Kg3 Rd3+ 34. Kh2 Rdd2 35. Kg3 Rxg2+ 36. Kf3 g5 37. hxg5 hxg5 38. Ra7 gxf4 39. Kxf4 Rde2 40. Bd4 Kh7 41. Kf3 Rh2 42. Rxg7+ Kh6 43. Ra7 Re6 44. Be3+ Kg6 0-1

[Event "Titled Tuesday intern op 14th Jan Early"]
[Site "Chess.com INT"]
[Date "2025.01.14"]
[Round "9"]
[White "Alikhanov, Felix"]
[Black "Arias, Lemnys A"]
[Result "1-0"]
[WhiteElo "2434"]
[BlackElo "2216"]
[PlyCount "45"]
[EventDate "2025.01.14"]
[EventType "swiss (blitz)"]
[EventRounds "11"]
[EventCountry "USA"]
[SourceTitle "CB04_2025"]
[SourceDate "2025.01.22"]
[SourceVersion "1"]
[SourceVersionDate "2025.01.22"]
[SourceQuality "1"]

1. e4 c5 2. Nf3 a6 3. c3 Nf6 4. e5 Nd5 5. d4 cxd4 6. cxd4 d6 7. Bc4 Nb6 8. Bb3 Nc6 9. 0-0 dxe5 10. d5 Na5 11. Nxe5 Nxb3 12. Qxb3 Qxd5 13. Qxb6 Qxe5 14. Nc3 Qd6 15. Qa5 e6 16. Nb5 axb5 17. Qxa8 Qd8 18. Bg5 f6 19. Be3 Be7 20. Rfd1 Bd7 21. Qxb7 Qc8 22. Qa7 Kf7 23. Rxd7 1-0

[Event "Titled Tuesday intern op 11th Jun Late"]
[Site "Chess.com INT"]
[Date "2024.06.11"]
[Round "5"]
[White "Melikhov, Evgeny V"]
[Black "Alikhanov, Felix"]
[Result "0-1"]
[WhiteElo "2178"]
[BlackElo "2434"]
[PlyCount "54"]
[EventDate "2024.06.11"]
[EventType "swiss (blitz)"]
[EventRounds "11"]
[EventCountry "USA"]
[SourceTitle "EXT 2025"]
[Source "ChessBase"]
[SourceDate "2024.10.14"]
[SourceVersion "1"]
[SourceVersionDate "2024.10.14"]
[SourceQuality "1"]

1. d4 Nf6 2. c4 g6 3. Nc3 Bg7 4. e4 0-0 5. Be3 d6 6. f3 c5 7. Nge2 Nc6 8. d5 Ne5 9. Ng3 e6 10. Be2 exd5 11. cxd5 a6 12. a4 Bd7 13. 0-0 b5 14. axb5 axb5 15. Rxa8 Qxa8 16. Bxb5 Rb8 17. Bxd7 Nfxd7 18. Na4 Rb4 19. b3 c4 20. Bd2 Rxb3 21. Nc3 Nd3 22. Nge2 Qa7+ 23. Kh1 Nf2+ 24. Rxf2 Qxf2 25. Qc1 Nc5 26. Be3 Nd3 27. Bxf2 Nxc1 0-1

[Event "Titled Tuesday intern op 14th May Early"]
[Site "Chess.com INT"]
[Date "2024.05.14"]
[Round "5"]
[White "Pan, Kevin"]
[Black "Alikhanov, Felix"]
[Result "0-1"]
[WhiteElo "2333"]
[BlackElo "2434"]
[PlyCount "70"]
[EventDate "2024.05.14"]
[EventType "swiss (blitz)"]
[EventRounds "11"]
[EventCountry "USA"]
[SourceTitle "EXT 2025"]
[Source "ChessBase"]
[SourceDate "2024.10.14"]
[SourceVersion "1"]
[SourceVersionDate "2024.10.14"]
[SourceQuality "1"]

1. e4 e6 2. d4 d5 3. Nc3 Bb4 4. e5 c5 5. a3 Bxc3+ 6. bxc3 Ne7 7. Nf3 Nbc6 8. a4 Qa5 9. Qd2 Bd7 10. Ba3 cxd4 11. cxd4 Qxd2+ 12. Kxd2 Nf5 13. Bb2 Na5 14. Bd3 Nc4+ 15. Bxc4 dxc4 16. a5 Bc6 17. Ne1 0-0-0 18. c3 g5 19. f3 h5 20. Nc2 g4 21. Rhf1 Rhg8 22. fxg4 Rxg4 23. g3 h4 24. Na3 Bd5 25. Nb5 a6 26. Nd6+ Rxd6 27. exd6 hxg3 28. hxg3 Kd7 29. Ba3 Rxg3 30. Rg1 Rd3+ 31. Kc2 Ne3+ 32. Kb2 Rd2+ 33. Kc1 Rc2+ 34. Kb1 Be4 35. Rg7 Rg2+ 0-1

[Event "Titled Tuesday intern op 30th Apr Early"]
[Site "Chess.com INT"]
[Date "2024.04.30"]
[Round "8"]
[White "Alikhanov, Felix"]
[Black "Ljukin, Sergei"]
[Result "1-0"]
[WhiteElo "2434"]
[BlackElo "2362"]
[PlyCount "83"]
[EventDate "2024.04.30"]
[EventType "swiss (blitz)"]
[EventRounds "11"]
[EventCountry "USA"]
[SourceTitle "CBM 220 Extra"]
[Source "ChessBase"]
[SourceDate "2024.07.31"]
[SourceVersion "1"]
[SourceVersionDate "2024.07.31"]
[SourceQuality "1"]

1. e4 e6 2. d4 d5 3. Nd2 Nf6 4. e5 Nfd7 5. c3 c5 6. Bd3 Nc6 7. Ngf3 Qb6 8. 0-0 Be7 9. Re1 g5 10. c4 g4 11. cxd5 exd5 12. e6 fxe6 13. Ne5 Ndxe5 14. dxe5 Bd7 15. Qxg4 0-0-0 16. Nf1 Rdg8 17. Qh3 h5 18. a3 h4 19. b4 c4 20. Bc2 d4 21. Nd2 Qb5 22. Rb1 Nxe5 23. a4 Qd5 24. Be4 Qd6 25. f4 Ng4 26. Nxc4 Qc7 27. Bd2 Bc6 28. Rbc1 Kb8 29. Bxc6 bxc6 30. Rxe6 c5 31. b5 Qd7 32. Rce1 Bf6 33. Qf3 d3 34. Rxf6 Nxf6 35. f5 Qd5 36. Bf4+ Ka8 37. Qxd5+ Nxd5 38. Bd6 h3 39. g3 Nc3 40. b6 axb6 41. Re7 Re8 42. Nxb6# 1-0

[Event "Titled Tuesday intern op 30th Apr Early"]
[Site "Chess.com INT"]
[Date "2024.04.30"]
[Round "3"]
[White "Alikhanov, Felix"]
[Black "Mahdavi, Reza"]
[Result "0-1"]
[WhiteElo "2434"]
[BlackElo "2362"]
[PlyCount "24"]
[EventDate "2024.04.30"]
[EventType "swiss (blitz)"]
[EventRounds "11"]
[EventCountry "USA"]
[SourceTitle "CBM 220 Extra"]
[Source "ChessBase"]
[SourceDate "2024.07.31"]
[SourceVersion "1"]
[SourceVersionDate "2024.07.31"]
[SourceQuality "1"]

1. e4 c5 2. d4 cxd4 3. c3 Nf6 4. e5 Nd5 5. Nf3 Nc6 6. cxd4 d6 7. Bc4 Nb6 8. Bb5 Bd7 9. exd6 e6 10. Bg5 f6 11. Bf4 Nd5 12. Bc1 Qa5+ 0-1

[Event "Titled Tuesday intern op 05th Dec Early"]
[Site "Chess.com INT"]
[Date "2023.12.05"]
[Round "2"]
[White "Alikhanov, Felix"]
[Black "Martin, Lewis"]
[Result "1/2-1/2"]
[WhiteElo "2434"]
[BlackElo "2144"]
[PlyCount "84"]
[EventDate "2023.12.05"]
[EventType "swiss (blitz)"]
[EventRounds "11"]
[EventCountry "USA"]
[SourceTitle "EXT 2025"]
[Source "ChessBase"]
[SourceDate "2024.10.14"]
[SourceVersion "1"]
[SourceVersionDate "2024.10.14"]
[SourceQuality "1"]

1. e4 c6 2. d4 d5 3. Nd2 dxe4 4. Nxe4 Bf5 5. Ng3 Bg6 6. h4 h6 7. f4 e6 8. Nf3 Nd7 9. h5 Bh7 10. Bd3 Bxd3 11. Qxd3 Ngf6 12. Bd2 Bd6 13. 0-0-0 Qc7 14. Ne5 0-0 15. Ne4 Nxe4 16. Qxe4 Nf6 17. Qe2 c5 18. dxc5 Qxc5 19. g4 Rac8 20. Be3 Qa5 21. Rxd6 Qxa2 22. Rhd1 Ne4 23. c4 Nxd6 24. Rxd6 f6 25. Bd4 fxe5 26. Qxe5 Rxc4+ 27. Kd2 Rxd4+ 28. Qxd4 Qa5+ 29. Ke2 Qb5+ 30. Ke1 a5 31. Rxe6 Re8 32. Rxe8+ Qxe8+ 33. Kf2 Qb5 34. f5 a4 35. Qc3 Qd5 36. Qc8+ Kh7 37. Qe8 Qd4+ 38. Kg3 Qg1+ 39. Kh3 Qh1+ 40. Kg3 Qg1+ 41. Kh3 Qh1+ 42. Kg3 Qg1+ 1/2-1/2

[Event "Titled Tuesday intern op 05th Dec Early"]
[Site "Chess.com INT"]
[Date "2023.12.05"]
[Round "5"]
[White "Pourramezanali, Amirreza"]
[Black "Alikhanov, Felix"]
[Result "1-0"]
[WhiteElo "2500"]
[BlackElo "2434"]
[PlyCount "133"]
[EventDate "2023.12.05"]
[EventType "swiss (blitz)"]
[EventRounds "11"]
[EventCountry "USA"]
[SourceTitle "EXT 2025"]
[Source "ChessBase"]
[SourceDate "2024.10.14"]
[SourceVersion "1"]
[SourceVersionDate "2024.10.14"]
[SourceQuality "1"]

1. e4 e6 2. d4 d5 3. e5 c5 4. c3 Nc6 5. Nf3 Qb6 6. Be2 cxd4 7. cxd4 Nge7 8. Nc3 Nf5 9. Na4 Bb4+ 10. Bd2 Qa5 11. Bc3 a6 12. a3 Bxc3+ 13. Nxc3 0-0 14. 0-0 Bd7 15. b4 Qd8 16. Rc1 f6 17. Bd3 fxe5 18. dxe5 Rc8 19. Re1 b5 20. Ne2 Qb6 21. Bxf5 Rxf5 22. Ned4 Nxd4 23. Rxc8+ Bxc8 24. Qxd4 Qc7 25. Qe3 Bd7 26. Nd4 Rf7 27. Rc1 Qb6 28. Rc5 Qd8 29. g3 h6 30. f4 Qf8 31. h4 Re7 32. Kh2 Qf7 33. Kh3 Qg6 34. Qf3 Rf7 35. Qd1 h5 36. Qe2 Rf8 37. Rc7 Be8 38. Qc2 Qg4+ 39. Kh2 Rxf4 40. Nxe6 Rc4 41. Rxc4 dxc4 42. Ng5 Bc6 43. Qh7+ Kf8 44. Qh8+ Ke7 45. Qxg7+ Kd8 46. Nf7+ Ke7 47. Qf6+ Ke8 48. Nd6+ Kd7 49. Qf7+ Kd8 50. Qf8+ Kd7 51. Qf5+ Qxf5 52. Nxf5 Ke6 53. Nd4+ Kxe5 54. Nxc6+ Ke4 55. g4 c3 56. Na5 c2 57. Nb3 hxg4 58. Kg3 Kd3 59. h5 Kc3 60. Nc1 Kb2 61. Ne2 Kxa3 62. h6 Kxb4 63. h7 Kb3 64. h8Q b4 65. Qa1 Kc4 66. Qb2 b3 67. Nc1 1-0